00396pab a2200133 454500008004000000100001900040245009800059260000900157300001400166362000800180650002900188650002000217773002500237180718b2003 xxu||||| |||| 00| 0 eng d aBarnes, Andrew aWhat do we know now? postcommunity economic reform through a Russian lens ( a review article) c2003 ap.477-97. aJul aEconomic reform - Russia aEconomic reform aComparative Politics